Brits changing hands (Record no. 71588)

MARC details
000 -LEADER
fixed length control field 00973cam a2200193 4500
001 - CONTROL NUMBER
control field ABS66157
008 - FIXED-LENGTH DATA ELEMENTS--GENERAL INFORMATION
fixed length control field 021119n2002 000 0 eng u
035 ## - SYSTEM CONTROL NUMBER
System control number (Sirsi) u120505
100 ## - MAIN ENTRY--PERSONAL NAME
Personal name Wallis, J
245 ## - TITLE STATEMENT
Title Brits changing hands
260 ## - PUBLICATION, DISTRIBUTION, ETC.
Date of publication, distribution, etc. 2002
490 ## - SERIES STATEMENT
Series statement Estates Gazette
Volume/sequential designation (0243) 26 October 2002, 192-193(2)
520 ## - SUMMARY, ETC.
Summary, etc. Reports on a new data standard Property Industry Systems Common Exchange Standard (PISCES) which allows property information to be used in a variety of contexts. It allows different computer systems to use the same data easily and transparently. It has just been introduced by CB Hillier Parker as the cooperation between different individuals has increased to make this possible. With a brief explanation of what the system is and who uses it.
590 ## - LOCAL NOTE (RLIN)
Local note ABS
650 ## - SUBJECT ADDED ENTRY--TOPICAL TERM
Topical term or geographic name entry element PROPERTY INDUSTRY SYSTEMS COMMON EXCHANGE STANDARD
650 ## - SUBJECT ADDED ENTRY--TOPICAL TERM
Topical term or geographic name entry element COMMERCIAL PROPERTY COMPANIES
690 ## - LOCAL SUBJECT ADDED ENTRY--TOPICAL TERM (OCLC, RLIN)
Topical term or geographic name as entry element INFORMATION TECHNOLOGY-INTERNET
942 ## - ADDED ENTRY ELEMENTS (KOHA)
Suppress in OPAC 0
Holdings
Withdrawn status Lost status Source of classification or shelving scheme Damaged status Not for loan Home library Current library Shelving location Date acquired Total Checkouts Full call number Barcode Date last seen Copy number Price effective from Koha item type
    Dewey Decimal Classification     London London Journal article 19/11/2002   ABS66157 120505-1001 06/08/2019 1 06/08/2019 Journal article